| 000 | 00410nam a22001577a 4500 | ||
|---|---|---|---|
| 008 | 230602b xxu||||| |||| 00| 0 eng d | ||
| 082 |
_a304.67 _bMOPND |
||
| 100 | _d1989 | ||
| 245 |
_aKenya Population Census 1989 _cCentral Bureau of Statistics |
||
| 260 |
_aKenya _bCentral Bureau of Statistics _cMarch 1994 |
||
| 300 | _a650 p | ||
| 500 | _aMaps | ||
| 521 | _aPopulation | ||
| 522 | _aKenya | ||
| 942 |
_2ddc _cBK |
||
| 999 |
_c169 _d169 |
||